000 00643pam a2200205 a 4500
001 2961154
005 20250326194147.0
008 910816s1991 ilua b 001 0 eng
020 _a0830812725 (alk. paper)
020 _z0830812723 (alk. paper)
050 0 0 _aBS476
_b.O79 1991
082 0 0 _a220.6/01
_220
100 1 _aOsborne, Grant R.
245 1 4 _aThe hermeneutical spiral :
_ba comprehensive introduction to biblical interpretation /
_cGrant R. Osborne.
260 _aDowners Grove, Ill. :
_bInterVarsity Press,
_cc1991.
300 _a499 p. :
_bill. ;
_c24 cm.
500 _aIncludes index
650 _2Theology
942 _2lcc
_cBK
_n0
999 _c5234
_d5234